00654nam a2200121 a 4500008004100000050002100041110004300062245025900105260005900364300000900423650003600432710006400468120823s2010 ||||||||||||||||| || u aSCECSAL(058)PCSR aInstitute of Development Studies (IDS)10aSCECSAL Pre-Conference Seminar Report: Strengthening information literacy interventions: Using creative approaches to teaching and learningcBY the Institute of Development Studies (IDS) and the Information Training and Outreach Centre for Africa (ITOCA) aGaboronebInstitute of Development Studies (IDS)c2010 a41p. aINFORMATION LITERACY-CONGRESSES aInformation Training and Outreach Centre for Africa (ITOCA)